LEADER 02106nam0 22004453i 450 001 BRIE001909 005 20231121125410.0 100 $a20150303d1720 ||||0itac50 ba 101 | $alat 102 $anl 181 1$6z01$ai $bxxxe 182 1$6z01$an 200 1 $a˜M. Fabii Quinctiliani ... œDeclamationes XIX majores, et quae ex CCCLXXXVIII. supersunt CXLV minores et Calpurnii Flacci Declamationes. cum notis Doctorum virorum; curante Petro Burmanno 210 $aLugduni Batavorum$capud Isaacum Severinum$d1720 215 $a[2], 409 p.$d4 300 $aSegn.: A-Z4,2A-2Z4,3A-3E4,3F2 300 $aMarca sul front 300 $aFront. in rosso e nero 300 $aCors. rom 300 $aData di stampa riportata sul front.: MDDCXX 620 $aNL$dLeida$3BVEL001748 676 $a875.01$9Discorsi latini. Periodo romano, fino al 499 ca.$v22 700 1$aQuintilianus$b, Marcus Fabius$3CFIV037714$4070$0171261 702 1$aBurman$b, Pieter$f <1668-1741>$3SBLV315300 712 02$aSeverinus$3PUVV199029$4650 790 0$aQuintiliano$3CFIV090043$zQuintilianus, Marcus Fabius 790 1$aQuintilliano$b, M. Fabio$3CFIV134813$zQuintilianus, Marcus Fabius 790 1$aQuintiliano$b, Marco Fabio$3CFIV167924$zQuintilianus, Marcus Fabius 790 0$aQuintilian$3CFIV332618$zQuintilianus, Marcus Fabius 790 0$aQuintilien$3LO1V136715$zQuintilianus, Marcus Fabius 790 1$aBurmannus$b, Petrus$d <1.>$3SBLV315301$zBurman, Pieter <1668-1741> 790 1$aBurmann$b, Pieter$c $3UBOV118061$zBurman, Pieter <1668-1741> 801 3$aIT$bIT-01$c20150303 850 $aIT-FR0017 899 $aBiblioteca umanistica Giorgio Aprea$bFR0017 $eN 912 $aBRIE001909 950 0$aBiblioteca umanistica Giorgio Aprea$d 52FONDO RARIDec..Qui.$e 52FLS0000022485 VMB RF $fB $h20150303$i20150303 977 $a 52 996 $aDeclamationes XIX majores, et quae ex CCCLXXXVIII. supersunt CXLV minores et Calpurnii Flacci Declamationes. cum notis Doctorum virorum; curante Petro Burmanno$93603186 997 $aUNICAS LEADER 02660nam0 22005293i 450 001 BA1E013244 005 20231121125408.0 012 $aa-ue t-t. usus abge (3) 1692 (R)$2fei 100 $a20170908d1692 ||||0itac50 ba 101 | $alat 102 $agb 181 1$6z01$ai $bxxxe 182 1$6z01$an 200 1 $a˜M. Fab. Quintiliani œDeclamationum liber. Cum ejusdem (Ut nonnullis visum) Dialogo de causis corruptae eloquentiae. Quae omnia notis illustrantur 210 $aOxonii$ce Theatro Sheldoniano$cveneunt in officina Hen. Clements ... $d1692 215 $a[8], 237, [1] p.$d8° 300 $aFregio calcogr. sul front 300 $aCors. ; rom 300 $aSegn.: [pi greco]? A-2G? 300 $aC. [pi greco]¹ bianca 300 $aContiene a c. 2D² con proprio occh.: Dialogus de oratoribus et caussis corruptae eloquentiae ... 314 $aSC/MIL 03/06/98$9CFIV037714 314 $aCerl Thesaurus online. SC/PUV 06/06/01$9UBOV122132 314 $aattivo a Londra, 1707-1719, cfr. Mellot-Queval, n. 1186, p. 141.$9UBOV128533 316 $aVolume in fotocopia. Rilegato.$5IT-FR0017 , S.SIJ. LL2 [Quint.] 1692 423 0$12001 $aDialogus de oratoribus et caussis corruptae eloquentiae ... 620 $aGB$dOxford$3MUSL002585 676 $a875.01$9Discorsi latini. Periodo romano, fino al 499 ca.$v22 700 1$aQuintilianus$b, Marcus Fabius$3CFIV037714$4070$0171261 712 02$aTheatrum Sheldonianum$3UBOV122132$4650 712 02$aClements, Henry$3UBOV128533$4650 790 0$aQuintiliano$3CFIV090043$zQuintilianus, Marcus Fabius 790 1$aQuintilliano$b, M. Fabio$3CFIV134813$zQuintilianus, Marcus Fabius 790 1$aQuintiliano$b, Marco Fabio$3CFIV167924$zQuintilianus, Marcus Fabius 790 0$aQuintilian$3CFIV332618$zQuintilianus, Marcus Fabius 790 0$aQuintilien$3LO1V136715$zQuintilianus, Marcus Fabius 791 02$aTheatro Sheldoniano$3BVEV070974$zTheatrum Sheldonianum 791 02$aSheldonian Theatre$c $3MILV315870$zTheatrum Sheldonianum 791 02$aTheater$c $3RMLV237340$zTheatrum Sheldonianum 801 3$aIT$bIT-01$c20170908 850 $aIT-FR0017 899 $aBiblioteca umanistica Giorgio Aprea$bFR0017 $eN 912 $aBA1E013244 950 0$aBiblioteca umanistica Giorgio Aprea$d 52S.SIJ. LL2 [Quint.] 1692$e 52FLS0000231945 VMB RS Volume in fotocopia. Rilegato.$fA $h20170908$i20170908 977 $a 52 996 $aDeclamationum liber. Cum ejusdem (Ut nonnullis visum) Dialogo de causis corruptae eloquentiae. Quae omnia notis illustrantur$93603041 997 $aUNICAS